O cântico de Natal (Registo nº 48938)

Detalhes MARC
000 -Etiqueta do registo
campo de controlo de comprimento fixo 008310000a22002650004500
001 - Identificador do registo
Campo de controlo 48938
010 ## - ISBN
Número (ISBN) 972-20-2018-8
021 ## - Nº depósito legal
Código do país Portugal
Número 166352/01
100 ## - Dados Gerais de Proc.
Dados gerais de processamento 20100618d2010 k y0pory5003 ba
101 0# - Língua da publicação
Língua do texto, banda sonora, etc. Português
102 ## - País de Publicação
País de publicação Portugal
200 1# - Título
Título próprio O cântico de Natal
Primeira menção de responsabilidade Charles Dickens
Outras menções de responsabilidade trad. João Costa
205 ## - Menção da edição
Menção da edição 2ª.ed.
210 ## - Publicação, Distribuição
Lugar da edição, distribuição, etc. Lisboa
Nome do editor, distribuidor, etc. Publicações Dom Quixote
Data da publicação, distribuição, etc. 2001
215 ## - Descrição física
Descrição física 149 p.
Outras indicações físicas il.
Dimensões 18 cm
225 2# - Colecção
Título próprio da colecção Biblioteca de bolso. Clássicos
Indicação de volume 10
304 ## - Título e responsabilidade
Texto da nota Títilo original: A Christmas Carol
606 ## - Nome comum
Elemento de entrada Literatura juvenil
Subdivisão de assunto Conto
675 ## - CDU
Notação 821.111-34"18"
Edição BN
Língua da edição Português
700 #1 - Responsabilidade principal
Palavra de ordem Dickens
Outra parte do nome Charles
Datas 1812-1870
702 #1 - Responsabilidade secundária
Koha Internal Code 15528
Código de função Tradutor
Palavra de ordem Costa
Outra parte do nome João
801 ## - Fonte de origem
País Portugal
Data da última transacção 20100618
090 ## - Números de controlo do sistema (Koha)
Número biblioitem do Koha (gerado automaticamente) 48938
942 ## - Elementos de entrada adicionados (Koha)
Tipo de item no Koha Monografias
Suprimido Disponível no OPAC
999 ## - Campo local
Campo local 48938
-- Bibliobase - BEBDPPC
-- 2019-01-21
Exemplares
Removido (estado) Perdido (estado) Data de aquisição Origem do registo (biblioteca) (codificado) Código da organização que empresta ou é detentora (biblioteca) Código de barras Número de inventário Cota Tipo de circulação (não pode ser emprestado) Tipo de item e material
Disponível Disponível 2010-06-18 Biblioteca EB23 D. Paio Peres Correia Biblioteca EB23 D. Paio Peres Correia BEBDPPC2428 2428 82.03-34 DIC Normal Monografias